Chanson à trous : Claude François - Le lundi au soleil - Statistiques

Statistiques générales
  • Ce quiz a été pris 122 fois
  • Le résultat moyen est 10 sur 14
Statistiques - réponses
Couplets Le lundi au soleil - Claude François % Correct
5 Le lundi au soleil C'est une chose qu'on n'aura jamais Chaque fois {c}'{est} {pareil}
99%
2 Un taxi t'emporte, tu t'en vas mon coeur Parmi ces milliers {de} {gens}
90%
8 Le lundi au soleil On pourrait le passer à {s}'{aimer} Le lundi au soleil
82%
6 C'est quand on est derrière les carreaux Quand {on} {travaille} que le ciel est beau
80%
1 Regarde ta montre, il est déjà huit heures {Embrassons}-{nous} tendrement
79%
3 C'est une journée idéale Pour marcher dans {la} {forêt}
78%
4 On trouverait plus normal D'aller {se} {coucher} seuls dans les genêts
78%
10 Ou simplement {ne} {rien} {faire} Le lundi au soleil
72%
14 Les néons des magasins sont tous allumés C'est déjà {la} {nuit} Le lundi au soleil
67%
9 On serait mieux dans l'odeur des foins On aimerait mieux cueillir {le} {raisin}
65%
7 Qu'il doit faire beau {sur} {les} {routes} Le lundi au soleil
65%
13 Et puis dans la foule au loin Je te vois, tu {me} {souris}
63%
11 Toi, tu es à l'autre bout de {cette} {ville} Là-bas, comme chaque jour
46%
12 Les {dernières} {heures} sont les plus difficiles J'ai besoin de ton amour
41%
Aucun quiz correspondant
Distribution des résultats
% des personnes avec chaque résultat
Percentile par nombre de réponses
Votre historique - résultats
Vous n’avez pas pris ce quiz